|
|
|
|
| LEADER |
01455cas a2200253 a 4500 |
| 001 |
AALejournalIMF009688 |
| 008 |
230101c9999 xx r poo 0 0eng d |
| 020 |
|
|
|c 5.00 USD
|
| 020 |
|
|
|z 9781451946468
|
| 022 |
|
|
|a 0047-083X
|
| 040 |
|
|
|a BD-DhAAL
|c BD-DhAAL
|
| 110 |
2 |
|
|a International Monetary Fund.
|b External Relations Dept.
|
| 240 |
1 |
0 |
|a Bulletin du FMI vol. 36, n 10, juin 2007.
|l French
|
| 245 |
1 |
0 |
|a Bulletin du FMI volume 36, n 10, juin 2007.
|
| 264 |
|
1 |
|a Washington, D.C. :
|b International Monetary Fund,
|c 2007.
|
| 300 |
|
|
|a 1 online resource (16 pages)
|
| 490 |
1 |
|
|a IMF Survey
|
| 500 |
|
|
|a <strong>Off-Campus Access:</strong> No User ID or Password Required
|
| 500 |
|
|
|a <strong>On-Campus Access:</strong> No User ID or Password Required
|
| 506 |
|
|
|a Electronic access restricted to authorized BRAC University faculty, staff and students
|
| 520 |
3 |
|
|a Programme de travail du FMI ; recommandations du FMI sur le taux de change ; accords commerciaux asiatiques ; Asie centrale ; cooperation economique ; le Cameroun apres l'allegement de la dette ; spread des banques autrichiennes ; conference sur les indicateurs de solidite financiere ; Caruana : evolution des responsabilites en matiere de mondialisation financiere.
|
| 538 |
|
|
|a Mode of access: Internet
|
| 830 |
|
0 |
|a IMF Survey; IMF Survey ;
|v No. 0036/010
|
| 856 |
4 |
0 |
|z Full text available on IMF
|u http://elibrary.imf.org/view/journals/023/0036/010/023.0036.issue-010-fr.xml
|z IMF e-Library
|